00319nam a22001097a 450000500170000002000330001703500130005003700130006324500720007626000420014830000190019020120608144627.0 a9231033689cRs. 120.00 (hbk) aA-896569 aDPLbENG aPoverty and participation in civil society /cedited by Yogesh Atal aNew DelhibAbhinav Publicationsc1997 a152p.c20 cms.